00601nam a22001817a 4500999001900000003000500019038001000024082001900034100003200053245005400085260004000139300001300179500001600192880004500208880005700253942001200310952009700322 c524193d524193NUST aFaiza a910.54914bSIK aSikha, Gernail Singh915009 aVancouver sy Lyail pur tak /cGernail Singh Sikha aFaisalabad :bMuhammad Abid,c2009. a146 p. ; aHard cover. 6100-02\raجرنیل سنگھ سیکھا 6245-02\raوینکوور سے لائل پور تک 2ddccBK 00102ddc4070aCLbCLd2019-06-18l0o910.54914 SIKpCL-E-1839r2019-06-18w2019-06-18yBK